000 00296nam a2200145Ia 4500
100 _aPodlin/ Sharon
942 _cBK
654 _acomputer
245 _aHands on Visual Basic 6
260 _bB.P.B.
_c2000
082 _a005.133'U'
_bPOD
300 _a448
546 _aENGLISH
999 _c28723
_d28723